000 00890nam a22002297a 4500
999 _c17214
_d17214
003 AR-CdUCM
008 190507b ||||| |||| 00| 0 spa d
040 _aMUNICIPALIDAD PROVINCIAL DEL CUSCO
_cBIBLIOTECA MUNICIPAL DEL CUSCO
082 _29ed.
_a869.911 /
_bV95
100 _aVuh, Popol
_937093
245 _aPopol Vuh :
_blas antiguas historias del Quiché /
260 _aCosta Rica :
_bUniversitaria Centro Americana,
_c1978.
300 _a170 páginas ;
_c17.5 cm.
505 _aContenido: Primera relación -- El tercero de los soberbios -- Esta es la historia de una doncella -- Contaremos ahora el nacimiento de Hunahpú ...
650 _aIndígenas quiché
_915287
650 _aLeyendas
_92226
650 _aGuatemala
_92870
650 _aLiteratura Guatemanteca
_937094
700 _aRecinos, Adrian (traducción)
_937095
942 _2ddc
_cLIBROS
945 _aachl
_d2019-05-07